| 000 | 00692cam a2200145 4500500 | ||
|---|---|---|---|
| 005 | 20260208005826.0 | ||
| 041 | _afre | ||
| 042 | _adc | ||
| 100 | 1 | 0 |
_aRey, Pierre-Louis _eauthor |
| 245 | 0 | 0 | _aSTENDHAL, Œuvres romanesques complètes, tome I, préface de PHILIPPE BERTHIER, édition établie par YVES ANSEL et PHILIPPE BERTHIER. Paris, Gallimard, Bibliothèque de la Pléiade, 2005. Un vol. 11 × 17,5 de 1162 p. |
| 260 | _c2005. | ||
| 500 | _a4 | ||
| 786 | 0 | _nRevue d'histoire littéraire de la France | 105 | 3 | 2005-06-01 | p. 655zc-764zc | 0035-2411 | |
| 856 | 4 | 1 | _uhttps://shs.cairn.info/revue-d-histoire-litteraire-de-la-france-2005-3-page-655zc?lang=fr&redirect-ssocas=7080 |
| 999 |
_c1653961 _d1653961 |
||